Science & its limits : (Record no. 10179)
[ view plain ]
| 000 -LEADER | |
|---|---|
| fixed length control field | 02669cam a2200445 a 4500 |
| 001 - CONTROL NUMBER | |
| control field | 42913267 |
| 003 - CONTROL NUMBER IDENTIFIER | |
| control field | OCoLC |
| 005 - DATE AND TIME OF LATEST TRANSACTION | |
| control field | 20241126110727.0 |
| 008 - FIXED-LENGTH DATA ELEMENTS--GENERAL INFORMATION | |
| fixed length control field | 000128s2000 ilu b 001 0 eng |
| 010 ## - | |
| -- | 00024681 |
| 020 ## - INTERNATIONAL STANDARD BOOK NUMBER | |
| International Standard Book Number | 0830815805 |
| Qualifying information | (USA ; |
| -- | pbk. ; |
| -- | alk. paper) |
| 020 ## - INTERNATIONAL STANDARD BOOK NUMBER | |
| International Standard Book Number | 9780830815807 |
| Qualifying information | (USA ; |
| -- | pbk. ; |
| -- | alk. paper) |
| 020 ## - INTERNATIONAL STANDARD BOOK NUMBER | |
| International Standard Book Number | 0851114660 |
| Qualifying information | (UK) |
| 020 ## - INTERNATIONAL STANDARD BOOK NUMBER | |
| International Standard Book Number | 9780851114668 |
| Qualifying information | (UK) |
| 035 ## - SYSTEM CONTROL NUMBER | |
| System control number | (OCoLC)42913267 |
| Canceled/invalid control number | (OCoLC)43509071 |
| -- | (OCoLC)770064574 |
| 040 ## - CATALOGING SOURCE | |
| Original cataloging agency | DLC |
| Language of cataloging | eng |
| Transcribing agency | DLC |
| Modifying agency | JAN |
| -- | DAY |
| -- | UKM |
| -- | MUQ |
| -- | BAKER |
| -- | NLGGC |
| -- | YDXCP |
| -- | BTCTA |
| -- | KAT |
| -- | SOR |
| -- | BDX |
| -- | OCLCF |
| -- | IOO |
| -- | OCLCQ |
| -- | MNLUT |
| -- | RVA |
| -- | OCLCQ |
| -- | NLUKB |
| -- | OCLCQ |
| -- | EXC |
| -- | OCLCO |
| -- | OCL |
| -- | OCLCO |
| 050 00 - | |
| -- | BL240.2 |
| -- | .R33 2000 |
| 082 00 - DEWEY DECIMAL CLASSIFICATION NUMBER | |
| Classification number | 261.55 |
| Edition information | 21 |
| Item number | RAT |
| 100 1# - MAIN ENTRY--PERSONAL NAME | |
| Personal name | Ratzsch, Delvin Lee, |
| Dates associated with a name | 1945- |
| 9 (RLIN) | 17668 |
| 245 10 - TITLE STATEMENT | |
| Title | Science & its limits : |
| Remainder of title | the natural sciences in Christian perspective / |
| Statement of responsibility, etc. | Del Ratzsch |
| 246 3# - | |
| -- | Science and its limits |
| 250 ## - EDITION STATEMENT | |
| Edition statement | 2nd ed |
| 260 ## - PUBLICATION, DISTRIBUTION, ETC. | |
| Place of publication, distribution, etc. | Downers Grove, Ill. : |
| Name of publisher, distributor, etc. | InterVarsity Press, |
| Date of publication, distribution, etc. | 2000 |
| 300 ## - PHYSICAL DESCRIPTION | |
| Extent | 191 pages ; |
| Dimensions | 21 cm |
| 336 ## - CONTENT TYPE | |
| Content type term | text |
| Content type code | txt |
| Source | rdacontent |
| 337 ## - MEDIA TYPE | |
| Media type term | unmediated |
| Media type code | n |
| Source | rdamedia |
| 338 ## - CARRIER TYPE | |
| Carrier type term | volume |
| Carrier type code | nc |
| Source | rdacarrier |
| 490 1# - SERIES STATEMENT | |
| Series statement | ISSR Library |
| 500 ## - GENERAL NOTE | |
| General note | Revised edition of: Philosophy of science. c1986 |
| 504 ## - BIBLIOGRAPHY, ETC. NOTE | |
| Bibliography, etc. note | Includes bibliographical references (pages 187-189) and index |
| 505 0# - FORMATTED CONTENTS NOTE | |
| Formatted contents note | Science : what is it? -- The traditional conception of science -- Philosophy of science in the 1960s & 1970s : Kuhn & beyond -- The contemporary situation : a brief introduction -- The competence of science : what can it tell us? -- The limitations of science : what can it not tell us? -- "Scientific" challenges to religious belief -- Design & science -- Christianity & scientific pursuits -- Christianity & the specific content of science : a typology -- Speaking the truth in love : some thoughts about feet |
| 520 ## - SUMMARY, ETC. | |
| Summary, etc. | Science, especially naturalistic science, has come under fire of late. No longer does it command the near universal respect it once held. From the right has come a fresh attack on Darwinism and arguments for intelligent design. From the left postmodern theorists have attacked the very notion of objective truth claims, scientific or otherwise |
| 520 ## - SUMMARY, ETC. | |
| Summary, etc. | Into the fray Del Ratzsch breathes a breath of calm. He asks, What is science? What can it tell us? What can't it tell us? What challenges does it offer to Christian faith? How should a Christian respond? |
| 650 #0 - SUBJECT ADDED ENTRY--TOPICAL TERM | |
| Topical term or geographic name entry element | Religion and science |
| 9 (RLIN) | 6213 |
| 650 #0 - SUBJECT ADDED ENTRY--TOPICAL TERM | |
| Topical term or geographic name entry element | Philosophy and science |
| 9 (RLIN) | 17669 |
| 650 #2 - SUBJECT ADDED ENTRY--TOPICAL TERM | |
| Topical term or geographic name entry element | Religion and Science |
| 9 (RLIN) | 6213 |
| 700 1# - ADDED ENTRY--PERSONAL NAME | |
| Personal name | Ratzsch, Delvin Lee, |
| Dates associated with a name | 1945- |
| Title of a work | Philosophy of science |
| 9 (RLIN) | 17670 |
| 830 #0 - | |
| -- | ISSR Library |
| -- | 17671 |
| 942 ## - ADDED ENTRY ELEMENTS (KOHA) | |
| Source of classification or shelving scheme | Dewey Decimal Classification |
| Koha item type | Books |
| Koha issues (borrowed), all copies | 1 |
| Withdrawn status | Lost status | Source of classification or shelving scheme | Damaged status | Not for loan | Home library | Current Library | Shelving location | Date acquired | Total checkouts | Full call number | Barcode | Date last seen | Date last checked out | Copy number | Price effective from | Koha item type |
|---|---|---|---|---|---|---|---|---|---|---|---|---|---|---|---|---|
| Dewey Decimal Classification | GRACE BIBLE COLLEGE | GRACE BIBLE COLLEGE | Ministry & Mission | 2024-04-12 | 2 | 261.55 RAT | 016723 | 2025-05-01 | 2025-01-20 | c.1 | 2024-04-12 | Books |